| 000 | 00944cam a2200289 i 4500 | ||
|---|---|---|---|
| 999 |
_c200446684 _d64896 |
||
| 003 | TR-AnTOB | ||
| 005 | 20220614094453.0 | ||
| 007 | ta | ||
| 008 | 970813s1985 tu 00000 eng | ||
| 040 |
_aTR-AnTOB _beng _erda _cTR-AnTOB _dTR-AnTOB |
||
| 041 | 0 | _aeng | |
| 050 | 4 |
_aHJ4153 _b.E734 1985 |
|
| 090 |
_aHJ4153 _b.E734 1985 |
||
| 100 | 1 | 0 |
_aErdem, M. Burhan _9129549 |
| 245 | 1 | 0 |
_aThe land-value taxation in developing countries / _cErdem, M. Burhan. |
| 264 | 1 |
_aEskişehir : _bAnadolu Üniversitesi, _c1985. |
|
| 300 |
_a132 pages ; _c24 cm |
||
| 336 |
_2rdacontent _atext _btxt |
||
| 337 |
_2rdamedia _aunmediated _bn |
||
| 338 |
_2rdacarrier _avolume _bnc |
||
| 490 | 0 |
_aAnadolu Üniversitesi ; _vYayın No: 97 _aİktisadi İdari Bilimler Fakültesi ; _vYayın No: 26 |
|
| 504 | _aBIB | ||
| 653 | _aArazi vergilendirmesi--Gelişmekte olan ülkeler | ||
| 942 |
_2lcc _cBK |
||